| 000 | 00557nam a22002177a 4500 | ||
|---|---|---|---|
| 999 |
_c6845 _d6845 |
||
| 003 | OSt | ||
| 005 | 20210331151451.0 | ||
| 008 | 210331b ||||| |||| 00| 0 eng d | ||
| 020 | _a0443071152 | ||
| 040 | _cNLM | ||
| 082 | _aWN200 G957r 2002 | ||
| 100 |
_aGunn, Chris _914030 |
||
| 245 | _aRadiograhic Imaging: a practical approach | ||
| 250 | _a3rd ed. | ||
| 260 | _aEdinburgh; Elsever, 2002 | ||
| 300 |
_axi,240p; _bIll: 24cm |
||
| 504 | _aAppendices, & index included | ||
| 650 |
_aRadiology _947 |
||
| 650 |
_aImaging _93879 |
||
| 942 |
_2z _cO_SHELF |
||